02484cam a2200373 i 450000100090000000300040000900500170001300800410003001000170007102000180008804000280010604200080013405000230014208200200016510000330018524501310021825000200034926400460036930000290041533600260044433700280047033800270049850000790052550510750060465000270167965000490170665000220175565000430177770000370182090600450185794200460190295201450194899900170209319372967OSt20230818154517.0161114s2018 iau 000 0 eng  a 2016051732 a9789355320056 aDLCbengcDLCerdadDLC apcc00aHG3881b.E655 201800a658.1599bEUN/I1 aEun, Cheol S.eauthor.9932110aInternational financial management /cCheol S. Eun, Georgia Institute of Technology, Bruce G. Resnick, Wake Forest University. aEighth Edition. 1aDubuque :bMcGraw-Hill Education,c[2018] axxii, 549 pages ;c29 cm atextbtxt2rdacontent aunmediatedbn2rdamedia avolumebnc2rdacarrier aRevised edition of the authors' International financial management, [2015]0 aFoundations of international financial management -- Globalization and the multinational firm -- International monetary system -- Balance of payments -- Corporate governance around the world -- The foreign exchange market, exchange rate determination, and currency derivatives -- The market for foreign exchange -- International parity relationships and forecasting foreign exchange rates -- Futures and options on foreign exchange -- Management of economic exposure -- Management of translation exposure -- World financial markets and institutions -- International banking and money market -- International bond market -- International equity markets -- Interest rate and currencyêswaps -- International portfolio investment -- Financial management of the multinational firm -- Foreign direct investment and cross-border acquisitions -- International capital structure and the cost of capital -- International capital budgeting -- Multinational cash management -- International trade finance -- International tax environment and transfer pricing -- Glossary -- Index. 0aInternational finance. 0aInternational business enterprisesxFinance. 0aForeign exchange. 0aFinancial institutions, International.1 aResnick, Bruce G.eauthor.99322 a7bcbccorignewd1eecipf20gy-gencatlg 2ddccBKh658.1599iEUN/Ik658.1599mEUN/I 00102ddc40708MANAGEMENTaMESbMEScMANAGEMENTd2023-08-18l0o658.1599 EUN/Ip42108r2023-08-18 15:46:34v990.00w2023-08-18yBKzGL54R3 c41919d41919